00610pam a2200193 a 4500003000500000008004100005038001300046040001800059050002100077082001800098100001800116245008600134250001200220260004500232300003400277504005100311650002000362700003400382NUST921020s1993 enka b 001 0 eng  aM.Ramzan aDLCcDLCdDLC00aTJ265b.E23 199300a621.4021bEAS1 aEastop, T. D.10aApplied thermodynamics for engineering technologists /cT.D. Eastop, A. McConkey. a5th ed. bN.B.FarawalpindibRamzan printing press axix, 735 p. :bill. ;c25 cm. aIncludes bibliographical references and index. 0aThermodynamics.1 aMcConkey, A.q(Allan),d1927-